Vascular transport in plants

Sábháilte in:
Sonraí bibleagrafaíochta
Príomhchruthaitheoirí: Holbrook, N. Michelle (Údar), Zwieniecki, Maciej A (Údar)
Formáid: LEABHAR
Teanga:Béarla
Foilsithe / Cruthaithe: Burlington Elsevier 2005
Eagrán:1a. ed
Sraith:Physiological Ecology
Ábhair:
Clibeanna: Cuir clib leis
Níl clibeanna ann, Bí ar an gcéad duine le clib a chur leis an taifead seo!

MARC

LEADER 00000nam a2200000 a 4500
001 UCJ0748
003 CL-VaPUC
008 060908e20050000US |||||||||||||||||eng|d
020 |a 0120884577 
082 0 4 |a 575.7  |b HOL  |2 21 
100 0 |a Holbrook, N. Michelle  |e author  |9 501064 
700 0 |a Zwieniecki, Maciej A  |e author  |9 501065 
245 1 0 |a Vascular transport in plants 
250 |a 1a. ed 
300 |a 564 p 
942 |c BK 
945 |d 20060908 00:00:00  |a cmena 
260 |a Burlington  |b Elsevier  |c 2005 
650 0 |a Fisiología vegetal  |9 260158 
650 7 |a SISTEMA CIRCULATORIO  |2 CL-VaPUC  |9 353656 
650 0 |a Química botánica  |9 479347 
650 7 |a ECOFISIOLOGIA DE LAS PLANTAS  |2 CL-VaPUC  |9 463798 
583 |a last modification  |c 20140408 11:27:27  |k Rodrigo Vera 
490 0 |a Physiological Ecology 
999 |c 317504  |d 317502 
952 |0 0  |1 0  |4 0  |6 575_700000000000000_HOL_2005  |7 0  |8 A  |9 393947  |a BIBAGR  |b BIBAGR  |d 2019-11-22  |i 4263901  |o 575.7 HOL 2005  |p 4263901  |r 2025-01-20  |w 2019-11-22  |y BK  |k AGR